Central Library OPAC University of Rajshahi

Psychology in contemporary sport : (Record no. 63382)

MARC details
000 -LEADER
fixed length control field 00812nam a2200241 a 4500
001 - CONTROL NUMBER
control field 63382
003 - CONTROL NUMBER IDENTIFIER
rucl marc code BD-RjUL
005 - DATE AND TIME OF LATEST TRANSACTION
control field 20211209081206.0
008 - FIXED-LENGTH DATA ELEMENTS--GENERAL INFORMATION
fixed length control field 721107s1973 njua b 001 0 eng
020 ## - INTERNATIONAL STANDARD BOOK NUMBER
International Standard Book Number 0137340796
035 ## - SYSTEM CONTROL NUMBER
System control number (BD-RjUL)63511
040 ## - CATALOGING SOURCE
Original cataloging agency LC
Language of cataloging eng
Transcribing agency LC
Modifying agency SUSA
-- BD-RjUL
041 ## - LANGUAGE CODE
Language code of text/sound track or separate title eng
082 14 - DEWEY DECIMAL CLASSIFICATION NUMBER
Edition number 23
Classification number 796.01
Author mark and year CRP 1973
100 1# - MAIN ENTRY--PERSONAL NAME
Personal name Cratty, Bryant J.
Fuller form of name (Bryant Jackson)
9 (RLIN) 188602
245 10 - TITLE STATEMENT
Title Psychology in contemporary sport :
Remainder of title guide-lines for coaches and athletes /
Statement of responsibility, etc. Bryant J. Cratty.
260 ## - PUBLICATION, DISTRIBUTION, ETC. (IMPRINT)
Place of publication, distribution, etc. Englewood Cliffs, N.J. :
Name of publisher, distributor, etc. Prentice-Hall,
Date of publication, distribution, etc. c1973.
300 ## - PHYSICAL DESCRIPTION
Pagination xv, 304 p. :
Illustrations ill. ;
Size 24 cm.
504 ## - BIBLIOGRAPHY, ETC. NOTE
Bibliography, etc Includes bibliographies and index.
650 #0 - SUBJECT ADDED ENTRY--TOPICAL TERM
Topical term or geographic name as entry element Coaching (Athletics)
General subdivision Psychological aspects.
9 (RLIN) 188603
Topical term or geographic name as entry element Sports
General subdivision Psychological aspects.
9 (RLIN) 188604
942 ## - ADDED ENTRY ELEMENTS (KOHA)
Source of classification or shelving scheme Dewey Decimal Classification
Koha item type Books
Holdings
Lost status Source of classification or shelving scheme Damaged status Not for loan Collection code Permanent Location Current Location Shelving location Date acquired Source of acquisition Total Checkouts Full call number Date last seen Copy number Koha item type
  Dewey Decimal Classification   Not For Loan Non-fiction Central Library, University of Rajshahi Central Library, University of Rajshahi Reading Room 22/11/1990 Canada   796.01 CRP 1973 30/01/2017 C-1 Books